000 00624nmm a2200181Ia 4500
008 251105s9999||||xx |||||||||||||||||und||
020 _a9789587415698
041 _aspa
100 _aVillalón Donoso, Jorge
245 0 _aJose Agustín Blanco Barros. Obras completas, Tomo III - Tubará: La encomienda mayor de Tierradentro
264 _a[Bogotá, Colombia] :
_bUniversidad del Norte,
_c2015
300 _a330 páginas
650 _aHistory of the Americas: Latin America
700 _aVillalón Donoso, Jorge
700 1 _a Vega, Alexander
856 _uhttps://public.digitaliapublishing.com/a/37551
942 _cCF
999 _c72420
_d72420